Phân tích báo cáo tài chính : Hướng dẫn thực hành
保存先:
| 第一著者: | |
|---|---|
| フォーマット: | Sách |
| 言語: | Undetermined |
| 出版事項: |
Kinh tế Tp. Hồ Chí Minh
2013
|
| 主題: | |
| タグ: |
タグ追加
タグなし, このレコードへの初めてのタグを付けませんか!
|
| Thư viện lưu trữ: | Trung tâm Thư viện - Trường Đại học Công nghiệp TP. Hồ Chí Minh |
|---|
| LEADER | 00545nam a2200157Ia 4500 | ||
|---|---|---|---|
| 001 | UIH_04628 | ||
| 008 | 231011s9999 xx 000 0 und d | ||
| 082 | |a 657.3 | ||
| 100 | |a Fridson, Martin | ||
| 245 | 0 | |a Phân tích báo cáo tài chính : Hướng dẫn thực hành | |
| 245 | 0 | |c Fridson, Martin | |
| 260 | |b Kinh tế Tp. Hồ Chí Minh | ||
| 260 | |c 2013 | ||
| 650 | |a Báo cáo tài chính; | ||
| 927 | |a Sách | ||
| 980 | |a Trung tâm Thư viện - Trường Đại học Công nghiệp TP. Hồ Chí Minh | ||